000 00598nam a2200181Ia 4500
008 151018s9999 xx 000 0 und d
082 _bRBASDV44502
_a620
100 _aशर्मा क्षीरसागर
245 _aजलयान की कहानी
250 _b1
260 _bअपराजिता
_c2005
300 _a59
600 _aशर्मा क्षीरसागर
630 _aजलयान की कहानी
700 _aशर्मा क्षीरसागर
730 _aजलयान की कहानी
942 _cBOOK
999 _c1043699
_d1043696